000 00571cam a2200193 4500500
005 20260405001445.0
041 _afre
042 _adc
100 1 0 _aLegros, Martin
_eauthor
245 0 0 _aLe contrat social d’Étienne Rigal
260 _c2013.
500 _a22
690 _aContrat social
690 _aDroit
690 _aÉtienne Rigal
690 _aJustice
786 0 _nPhilosophie magazine | 67 | 3 | 2013-03-01 | p. 17-19 | 1951-1787
856 4 1 _uhttps://shs.cairn.info/magazine-philosophie-magazine-2013-3-page-17?lang=fr&redirect-ssocas=7080
999 _c2047841
_d2047841